00868nam a22002295i 4500001000700000003000900007005001700016008004100033020002200074080005900096100002900155245011300184250001200297260003700309300004500346490002800391500001400419504003200433600008400465830002800549852006100577178498ES-MaACL20250809103949.0110603s2011 sp o |||| | spa d a978-84-8460-952-0 a929 Borbón y Battenberg, Juan de, Conde de Barcelona1 aCarvajal Urquijo, Pedro.13aLa travesía de don Juan b: la biografía más cercana del padre del rey Juan Carlos / cPedro Carvajal. a1ª ed. aMadrid : bTemas de hoy, c2011. a390, [16] p. de fot. bl. y n. ; c25 cm.1 aBiografías y memorias aÍndice. aBibliografía: p. 377-379.14aBorbón y Battenberg, Juan de, cConde de Barcelona,d1913-1993-xBiografías0 aBiografías y memorias aES-MaACLjE-15249 z.- Dedicatoria autógrafa del autor